Auswanderungen Kasachstan - Statistiken

Allgemein
  • Dieses Quiz wurde 74 mal gespielt
  • Das Durchschnittsergebnis liegt bei 8 aus 12
Antwortstatistiken
Platz Land Anzahl % Korrekt
3. Russland 647.732
97%
1. China 1.800.000
94%
5. Kirgisistan 33.200
92%
2. Usbekistan 925.283
92%
6. Vereinigte Staaten 24.636
89%
11. Ukraine 5.526
74%
4. Mongolei 102.526
73%
7. Türkei 10.000
67%
8. Kanada 9.600
62%
9. Iran 9.000
52%
12. Vereinigte Arabische Emirate 5.000
42%
10. Tschechien 5.639
14%
Keine übereinstimmenden Quizze gefunden
Verteilung der Resultate
Anzahl Personen mit jedem Resultat
Perzentil nach korrekt beantworteten Fragen
Ihre Resultats-Entwicklung
Sie haben dieses Quiz noch nicht gespielt